| 000 | 00000nam##2200000za#4500 |
| 001 | 9.571477 |
| 003 | CaOODSP |
| 005 | 20210624182737 |
| 007 | cr ||||||||||| |
| 008 | 150406|1994||||xxc|||||o f|0| 0 eng|d |
| 040 | |aCaOODSP|beng |
| 043 | |an-cn--- |
| 086 | 1 |aJS5-1/8-1994E-PDF |
| 110 | 1 |aCanada. |bSolicitor General Canada. |
| 245 | 10|aConquest by law / |h[electronic resource]|cby Christie Jefferson. |
| 260 | |bSolicitor General Canada |cJuly 1994. |
| 300 | |a197p.|breferences |
| 490 | 1 |aAboriginal peoples collection|vAPC 8 CA (1994) |
| 504 | |aBibliography. |
| 590 | |a11-26-Supp|b2011-11-03 |
| 720 | 1 |aJefferson, Christie |
| 775 | 08|tLa conquête par le droit / |w(CaOODSP)9.602453 |
| 830 | #0|aAboriginal peoples collection ;|vAPC 8 CA (1994)|w(CaOODSP)9.505592 |
| 856 | 40|ahttp://publications.gc.ca|qPDF|s726 KB|uhttps://publications.gc.ca/collections/collection_2011/sp-ps/JS5-1-8-1994-eng.pdf|yAPC 8 CA (1994) |